| 000 | 00482nam a22001577a 4500 | ||
|---|---|---|---|
| 003 | SISC | ||
| 005 | 20160819101304.0 | ||
| 008 | 160309b xxu||||| |||| 00| 0 eng d | ||
| 020 | _a9780615831046 | ||
| 050 | _aG 155.5 .W746 2013 | ||
| 100 | _aWilson, Joemy. | ||
| 245 |
_aComing up on your left : _ba tour guide's guidebook / _cJoemy Wilson a foreword by Ted Bravos . |
||
| 260 |
_aUSA : _bJourney Woman Press, _c2013. |
||
| 300 |
_axvii, 124 pages : _c21 cm. |
||
| 942 |
_2lcc _cBK |
||
| 999 |
_c291537 _d291537 |
||